|
|
|
|
| LEADER |
00000nam a2200000 a 4500 |
| 001 |
vtls010040995 |
| 003 |
SK-MaSNL |
| 005 |
20260301083449.0 |
| 008 |
180730s2009 xo d d p 000 0 slo |
| 015 |
|
|
|a SNBA2010/07-03663
|
| 020 |
|
|
|a 9788022820691
|q (brož.)
|
| 035 |
|
|
|a CF4C46BF-D964-42FD-952B-03CCEC1D1020
|
| 035 |
|
|
|a urn:nbn:sk:snk-amjwma
|
| 035 |
|
|
|a urn:nbn:sk:snk-am0085rp
|
| 040 |
|
|
|a SNK
|b slo
|c SNK
|e AACR2
|
| 041 |
0 |
|
|a slo
|
| 044 |
|
|
|a xo
|c SK
|
| 072 |
|
7 |
|a 33
|x Ekonómia
|2 konspekt
|
| 080 |
|
|
|a 330.101.542
|2 2001
|
| 080 |
|
|
|a (075.8)
|2 2001
|
| 245 |
0 |
0 |
|a Mikroekonómia
|c Jaroslav Šálka ... [et al.]
|
| 250 |
|
|
|a 1. vyd.
|
| 260 |
|
|
|a Zvolen
|b Technická univerzita
|c 2009
|
| 300 |
|
|
|a 174 s.
|b grafy
|c 30 cm
|
| 366 |
|
|
|e 500 výt.
|
| 504 |
|
|
|a Bibliogr. 174
|
| 650 |
0 |
7 |
|a mikroekonómia
|2 SNKPH
|9 2313
|
| 650 |
0 |
7 |
|a Microeconomics
|2 SNKPHeng
|9 319360
|
| 655 |
|
7 |
|a učebnice vysokých škôl
|2 SNKPH
|9 70191
|
| 655 |
|
7 |
|a Textbooks (higher)
|2 SNKPHeng
|9 276436
|
| 700 |
1 |
|
|a Šálka, Jaroslav,
|d 1972-
|4 aut
|9 206760
|
| 700 |
1 |
|
|a Holková, Vieroslava,
|d 1952-
|4 aut
|9 201311
|
| 700 |
1 |
|
|a Balážová, Emília
|4 aut
|9 16572
|
| 700 |
1 |
|
|a Sujová, Andrea,
|d 1972-
|4 aut
|9 185895
|
| 710 |
2 |
|
|a Technická univerzita vo Zvolene.
|b Lesnícka fakulta
|4 pbl
|9 174298
|
| 852 |
|
|
|a Štátna vedecká knižnica v Banskej Bystrici
|
| 919 |
|
|
|a 978-80-228-2069-1
|
| 958 |
|
|
|a NB
|
| 968 |
|
|
|d 33
|
| 999 |
|
|
|c 660596
|d 662526
|
| 952 |
|
|
|a SNK
|b SNK
|y PREZ
|7 0
|p 17A0658371
|o snkSB 79418
|i snk2010/9770
|8 0
|0 0
|1 0
|4 0
|d 2010-05-06
|f 1
|l 0
|r 2025-04-30 00:00:00
|w 2026-02-23
|
| 952 |
|
|
|a SNK
|b SNK
|y VYP
|7 0
|p 17A0658372
|o snkSB 79418 D1
|i snk2010/9772
|8 0
|0 0
|1 0
|4 0
|d 2010-05-06
|l 0
|r 2016-06-30 00:00:00
|w 2026-02-23
|